000 00314nam a2200121Ia 4500
008 240731s9999 xx 000 0 und d
022 _a1029-2446
245 0 _aBiocatalysis and Biotransformation
260 _bTaylor & Francis
856 _uhttps://www.tandfonline.com/loi/ibab20
942 _2ddc
942 _cTFEJ
999 _c75607
_d75607
945 _a1
_bMadushi Gamage
_c1
_dMadushi Gamage